000 01033nam a2200289 a 4500
001 000014005
003 DO-SdBNP
005 20180319142546.0
007 000014005
008 091202s2009 dr ac 001 0 spa d
020 _a9789945131048
040 _aBPMSU
_bspa
_cBPMSU
049 _aBNPD
082 4 _a972.93053
_bB716m
100 1 _aBonnelly Valverde, Fredy,
_d1931-
245 1 0 _aMi paso por La 40 :
_bun testimonio /
_cFredy Bonnelly Valverde.
260 _aSanto Domingo :
_bMediabyte,
_c2009.
300 _a237 p. :
_bil., retrs. ;
_c23 cm.
500 _aIncluye datos biográficos del autor en la contracubierta.
650 4 _aPRESOS POLÍTICOS
_zREPÚBLICA DOMINICANA
_xRELATOS PERSONALES
650 4 _aPRISIONES
_zREPÚBLICA DOMINICANA
_yERA DE TRUJILLO, 1930-1961
_xRELATOS PERSONALES
651 4 _aREPÚBLICA DOMINICANA
_xHISTORIA
_yERA DE TRUJILLO, 1930-1961
910 _aValidado. Control de calidad EMS
942 _2ddc
_cBK
945 _aInventariado, 2017/MFF
956 _aVMATEO
_b10
_c20150803
_lBPMSU
_h00151
999 _c8056
_d8056